Logo CIB grande

ENCICLOPEDIA PRACTICA DE LA AGRICULTURA Y L A GANADERIA (Registro nro. 222903)

Detalles MARC
000 -LEADER
campo de control de longitud fija 00919nam a2200265Ia 4500
005 - FECHA Y HORA DE LA ÚLTIMA TRANSACCIÓN
campo de control 20250425162128.0
008 - DATOS DE LONGITUD FIJA--INFORMACIÓN GENERAL
campo de control de longitud fija 250425s9999 xx 000 0 und d
020 ## - NÚMERO INTERNACIONAL ESTÁNDAR DEL LIBRO
Número Internacional Estándar del Libro 8449414113
041 ## - CÓDIGO DE IDIOMA
Código de lengua del texto/banda sonora o título independiente spa
082 ## - NÚMERO DE LA CLASIFICACIÓN DECIMAL DEWEY
Número de clasificación 630
010 ## - NÚMERO DE CONTROL DE LA BIBLIOTECA DEL CONGRESO
Número de control de LC 51710
100 ## - ENTRADA PRINCIPAL--NOMBRE DE PERSONA
Nombre de persona GRUPO EDITORIAL, OCEANO
245 #0 - MENCIÓN DEL TÍTULO
Título ENCICLOPEDIA PRACTICA DE LA AGRICULTURA Y L A GANADERIA
250 ## - MENCION DE EDICION
Mención de edición 1A ED.
260 ## - PUBLICACIÓN, DISTRIBUCIÓN, ETC.
Lugar de publicación, distribución, etc. BARCELONA
260 ## - PUBLICACIÓN, DISTRIBUCIÓN, ETC.
Lugar de publicación, distribución, etc. España
Nombre del editor, distribuidor, etc. OCEANO
Fecha de publicación, distribución, etc. 1950
300 ## - DESCRIPCIÓN FÍSICA
Extensión 1032
500 ## - NOTA GENERAL
Nota general EN CIBGZ-FIMCP D-30572 PARA ING. AGROP.
520 ## - RESUMEN, ETC.
Sumario, etc. LA AGRICULTURA Y LA GANADERIA, QUE COMENZARON A DESARROLLARSE AL FINAL DEL PALEOLITICO SUPERIOR, HACE UNOS DIEZ MIL AÑOS, DIERON ORIGEN A UNA VERDADERA REVOLUCION CULTURAL DURANTE EL NEOLITICO; ESTA FASE SE PRODUJO CASI SIMULTANEAMENTE EN DISTINTAS PARTE
650 ## - PUNTO DE ACCESO ADICIONAL DE MATERIA--TÉRMINO DE MATERIA
Término de materia o nombre geográfico como elemento de entrada AGRICULTURA
650 ## - PUNTO DE ACCESO ADICIONAL DE MATERIA--TÉRMINO DE MATERIA
Término de materia o nombre geográfico como elemento de entrada ENCICLOPEDIAS
650 ## - PUNTO DE ACCESO ADICIONAL DE MATERIA--TÉRMINO DE MATERIA
Término de materia o nombre geográfico como elemento de entrada GANADERIA
710 ## - ENTRADA AGREGADA--NOMBRE DE ENTIDAD CORPORATIVA
Nombre de entidad corporativa o nombre de jurisdicción como elemento de entrada OCEANO GRUPO EDITORIAL
942 ## - ELEMENTOS DE ENTRADA SECUNDARIOS (KOHA)
Tipo de ítem Koha Libros
Existencias
Estatus retirado Estado de pérdida Estado de daño No para préstamo Biblioteca de origen Biblioteca actual Fecha de adquisición Coste, precio normal de compra Total de préstamos Código de barras Copia número
        FACULTAD DE INGENIERIA MECANICA Y CIENCIAS DE LA PRODUCCION FACULTAD DE INGENIERIA MECANICA Y CIENCIAS DE LA PRODUCCION 09/01/2004 55.00   D-30572 1

Copyright 2025 ESPOL. Todos los derechos reservados.